000 00768nam a22001937a 4500
001 EIF-V-2003-M5-011
003 OSt
005 20221114202925.0
008 221114b |||||||| |||| 00| 0 eng d
040 _aFundación Jesús Pereda
_cFundación Jesús Pereda
041 _aCastellano
100 _aDíaz Sánchez, Pilar
_9500
111 _aEncuentro de Investigadores del Franquismo
_c(Albacete.
_d2003.
_n5º)
_997
245 _aCoser en casa.
_bEl trabajo de la confección textil fuera de las fábricas
_c/Pilar Díaz Sánchez
650 0 _9134
_aEstudio de género
773 _tActas del V Encuentro de Investigadores del Franquismo
856 _uhttps://bibliotecaccoocyl.fundacionjesuspereda.es/cgi-bin/koha/opac-retrieve-file.pl?id=c63fc7e819613bb4c8230a93ab61e05e
942 _2ddc
_cCF
_n0
999 _c327
_d327